Normal view
MARC view
Entry Personal Name
001 - CONTROL NUMBER
- control field: 778453
003 - CONTROL NUMBER IDENTIFIER
- control field: OSt
005 - DATE AND TIME OF LATEST TRANSACTION
- control field: 20250508164546.0
008 - FIXED-LENGTH DATA ELEMENTS
- fixed length control field: 250508|| aca||aabn | a|a d
040 ## - CATALOGING SOURCE
- Original cataloging agency: OSt
- Transcribing agency: OSt
100 ## - HEADING--PERSONAL NAME
- Personal name: Lang Hellmut R
670 ## - SOURCE DATA FOUND
- Source citation: Work cat.: (OSt)1389790: Lang Hellmut R, Teaching : Strategies and methods for student-centered instruction, 1995
